Fire in the blood. Changing fortunes /
Since the death of Franco in 1975, Spain has undergone a transformation. Its strong traditions have formed a background to a change in the roles of women, government, the church, regional identity and the arts. This series examines some of the some extraordinary changes that have taken place and loo...
| Other Authors: | |
|---|---|
| Format: | Video |
| Language: | English Spanish |
| Language Notes: | In English with segments in Spanish with English subtitles. |
| Published: |
London, England :
BBC Worldwide,
1992.
|
| Series: | Academic Video Online
|
| Subjects: | |
| Online Access: | Connect to this streaming video (Alexander Street Press) |
MARC
| Tag | First Indicator | Second Indicator | Subfields |
|---|---|---|---|
| LEADER | 00000cgm a2200000 i 4500 | ||
| 001 | in00005594813 | ||
| 006 | m o c | ||
| 007 | cr |n||||||||a | ||
| 007 | vz |za|z| | ||
| 008 | 210512s1992 enk049 e o vneng d | ||
| 005 | 20241201233710.1 | ||
| 035 | |a (OCoLC)on1255892511 | ||
| 040 | |a ALSTP |b eng |e rda |c ALSTP |d OCLCO |d OCLCF |d OCLCO |d CJT |d OCLCL |d OCLCQ |d DXU |d OCLCQ | ||
| 019 | |a 1373508075 |a 1443973666 | ||
| 024 | 8 | |a ASP5117340/marc | |
| 035 | |a (OCoLC)1255892511 |z (OCoLC)1373508075 |z (OCoLC)1443973666 | ||
| 041 | 0 | |a eng |a spa |j eng | |
| 049 | |a TXAM | ||
| 245 | 0 | 0 | |a Fire in the blood. |p Changing fortunes / |c producer, Jeremy Mills. |
| 246 | 3 | 0 | |a Changing fortunes |
| 264 | 1 | |a London, England : |b BBC Worldwide, |c 1992. | |
| 300 | |a 1 online resource (49 minutes) | ||
| 306 | |a 004803 | ||
| 336 | |a two-dimensional moving image |b tdi |2 rdacontent | ||
| 337 | |a computer |b c |2 rdamedia | ||
| 337 | |a video |b v |2 rdamedia | ||
| 338 | |a online resource |b cr |2 rdacarrier | ||
| 347 | |a video file |2 rda | ||
| 490 | 0 | |a Academic Video Online | |
| 500 | |a Title from resource description page (viewed May 12, 2021). | ||
| 511 | 0 | |a Presenter, Ian Gibson. | |
| 520 | |a Since the death of Franco in 1975, Spain has undergone a transformation. Its strong traditions have formed a background to a change in the roles of women, government, the church, regional identity and the arts. This series examines some of the some extraordinary changes that have taken place and looks forward to the future. | ||
| 546 | |a In English with segments in Spanish with English subtitles. | ||
| 610 | 2 | 0 | |a Organización Nacional de Ciegos Españoles. |
| 610 | 2 | 7 | |a Organización Nacional de Ciegos Españoles. |2 fast |0 (OCoLC)fst00684006 |
| 650 | 0 | |a Blind |x Employment |z Spain. | |
| 650 | 0 | |a Lotteries |z Spain. | |
| 650 | 0 | |a Gambling |z Spain. | |
| 651 | 0 | |a Spain |x Social life and customs. | |
| 650 | 6 | |a Personnes aveugles |x Travail |z Espagne. | |
| 650 | 6 | |a Loteries |z Espagne. | |
| 650 | 6 | |a Jeux de hasard |z Espagne. | |
| 651 | 6 | |a Espagne |x Mœurs et coutumes. | |
| 650 | 7 | |a Blind |x Employment. |2 fast |0 (OCoLC)fst00834313 | |
| 650 | 7 | |a Gambling. |2 fast |0 (OCoLC)fst00937372 | |
| 650 | 7 | |a Lotteries. |2 fast |0 (OCoLC)fst01002676 | |
| 650 | 7 | |a Manners and customs. |2 fast |0 (OCoLC)fst01007815 | |
| 651 | 7 | |a Spain. |2 fast |0 (OCoLC)fst01204303 |1 https://id.oclc.org/worldcat/entity/E39PBJqFTrvj6Mhw6JfTGmqJDq | |
| 655 | 7 | |a Documentary television programs. |2 fast |0 (OCoLC)fst01710387 | |
| 655 | 7 | |a Nonfiction television programs. |2 fast |0 (OCoLC)fst01710270 | |
| 655 | 7 | |a Documentary television programs. |2 lcgft | |
| 655 | 7 | |a Nonfiction television programs. |2 lcgft | |
| 655 | 7 | |a Documentaires télévisés. |2 rvmgf | |
| 655 | 7 | |a Émissions télévisées autres que de fiction. |2 rvmgf | |
| 700 | 1 | |a Mills, Jeremy, |e producer. | |
| 710 | 2 | |a BBC Worldwide Ltd., |e film distributor. | |
| 856 | 4 | 0 | |u http://proxy.library.tamu.edu/login?url=https://www.aspresolver.com/aspresolver.asp?MARC;5117340 |z Connect to this streaming video (Alexander Street Press) |t 0 |
| 955 | |a Alexander Street Press subscription streaming video | ||
| 994 | |a 92 |b TXA | ||
| 999 | f | f | |s 8eeeb202-79bf-47c7-a835-b23757a73f9d |i 15b62bf8-a8b0-4c14-9d81-7858d8367dda |t 0 |
| 952 | f | f | |a Texas A&M University |b College Station |c Electronic Resources |d Available Online |t 0 |h Library of Congress classification |
| 998 | f | f | |t 0 |l Available Online |